| 000 | 00959nam a22002297a 4500 | ||
|---|---|---|---|
| 005 | 2011111600120.0 | ||
| 010 | _aB-444698 | ||
| 020 |
_a9780752866291 _c430.00 |
||
| 035 | _aB-444698 | ||
| 037 |
_aBlue Berry/Ven _bDPL |
||
| 082 | 0 | 0 | _aS |
| 245 | 1 | 0 |
_aAsterix and the cauldron / _cby Rene Goscinny ; illustrated by Albert Uderzo ; translated [from the French] by Anthea Bell and Derek Hockridge. |
| 250 | _a2004 | ||
| 260 |
_aLondon : _bHodder and Stoughton, |
||
| 270 |
_aOrion House,5 Upper Saint Martin's Lane _bLondon _ewc2H9EA |
||
| 300 |
_a48 p. : _bchiefly col. ill. ; _c30 cm. |
||
| 500 | _aTranslation of Asterix et le chaudron. | ||
| 700 | 1 |
_aUderzo. _935838 |
|
| 942 |
_2ddc _cCH _hS _mGOS |
||
| 999 |
_c58407 _d58407 |
||